| 000 | 00770nam a22002417a 4500 | ||
|---|---|---|---|
| 001 | 3455 | ||
| 003 | FISKH | ||
| 005 | 20240307085520.0 | ||
| 008 | 240307b cb ||||| |||| 00| 0 eng d | ||
| 040 |
_aFISK _beng _cFISK _dFISK |
||
| 050 | _aPZ7.G7671 | ||
| 082 | _a813.6 | ||
| 100 |
_aGrant Michael _d1954- |
||
| 245 |
_aPlague / _cMichael Grant |
||
| 260 |
_aNew York : _bHarperCollins, _c2014 |
||
| 300 |
_a492 pages : _c21 cm |
||
| 505 | _aK | ||
| 520 | _aA deadly, flu-like epidemic and a plague of flesh-eating creatures threaten the lives of the children at Perdido Beach while Sam, Astrid, Caine, and Diana each struggle with doubts and uncertainties. | ||
| 521 | 8 |
_a570 _bLexile |
|
| 700 | _aMichael Grant | ||
| 942 |
_2ddc _cBK _n0 |
||
| 999 |
_c3455 _d3455 |
||